Municipalities of Rhode Island on a Map - Statistics

General Stats
  • This quiz has been taken 246 times
  • The average score is 15 of 39
Answers on the Map
Answers color-coded by a green-red scale on the quiz's map according to % correct below.
 
Answer Stats
County Municipality % Correct
Providence Providence
98%
Newport Newport
79%
Kent Warwick
72%
Bristol Bristol
70%
Providence East Providence
61%
Providence Pawtucket
60%
Providence Cranston
56%
Providence North Providence
50%
Providence Woonsocket
45%
Washington Narragansett
38%
Newport Portsmouth
38%
Washington Westerly
37%
Newport Jamestown
36%
Newport Middletown
36%
Washington North Kingstown
36%
Providence Central-Falls
35%
Kent East Greenwich
34%
Washington South Kingstown
34%
Kent West Warwick
34%
Bristol Barrington
33%
Providence Cumberland
32%
Providence Smithfield
31%
Newport Tiverton
31%
Bristol Warren
31%
Kent Coventry
30%
Providence Lincoln
30%
Washington New Shoreham
30%
Newport Little Compton
29%
Providence Johnston
28%
Kent West Greenwich
28%
Washington Exeter
26%
Providence Burrillville
24%
Washington Charleston
24%
Providence North Smithfield
24%
Providence Foster
23%
Providence Glocester
22%
Washington Hopkinton
22%
Washington Richmond
22%
Providence Scituate
21%
No matching quizzes found
Score Distribution
Percent of People with Each Score
Percentile by Number Answered
Your Score History
You have not taken this quiz